Franz Kline : the jazz murals /

Bibliographic Details
Main Author: Metzger, Robert P. (Robert Paul), 1937-
Corporate Author: Bucknell University. Center Gallery
Other Authors: Kline, Franz, 1910-1962
Format: Book
Language:English
Published: [Lewisburg, Pa.] : Bucknell University ; 1989.
Subjects:

MARC

Tag First Indicator Second Indicator Subfields
LEADER 00000cam a2200000 a 4500
001 in00001007283
005 20150927215058.0
008 900327s1989 paua bc 00010 eng d
010 |a  89081544  
020 |a 0916279073 
035 |a (OCoLC)21269072 
035 |9 AFD5709AM 
040 |a VYF  |c VYF  |d NGU  |d TXA  |d UtOrBLW 
049 |a TXAM 
090 |a N6537.K57  |b M48 1989 
100 1 |a Metzger, Robert P.  |q (Robert Paul),  |d 1937- 
245 1 0 |a Franz Kline :  |b the jazz murals /  |c Robert Metzger. 
264 1 |a [Lewisburg, Pa.] :  |b Bucknell University ;  |c 1989. 
264 2 |a [Philadelphia, Pa.] :  |b Distributed by University of Pennsylvania Press, 
300 |a 62 pages :  |b chiefly illustrations (some color) ;  |c 28 cm. 
336 |a text  |b txt  |2 rdacontent 
337 |a unmediated  |b n  |2 rdamedia 
338 |a volume  |b nc  |2 rdacarrier 
500 |a "This book is published in conjunction with an exhibition of the same title organized by the Center Gallery of Bucknell University, Lewisburg, Pennsylvania ... September 9 through October 22, 1989"--Title page verso. 
500 |a "A Center Gallery publication." 
504 |a Bibliography: page 62. 
600 1 0 |a Kline, Franz,  |d 1910-1962  |x Exhibitions. 
700 1 |a Kline, Franz,  |d 1910-1962. 
710 2 |a Bucknell University.  |b Center Gallery. 
999 |a MARS 
999 f f |s a31e9a74-1584-3741-bbda-63c1611a30d8  |i cd452cfc-f551-344f-ac2c-21f6c43d24eb  |t 0 
952 f f |p normal  |a Texas A&M University  |b College Station  |c Sterling C. Evans Library  |d Evans: Library Stacks  |t 0  |e N6537.K57 M48 1989  |h Library of Congress classification  |i unmediated -- volume  |m A14814379028 
998 f f |a N6537.K57 M48 1989  |t 0  |l Evans: Library Stacks